International relations (Record no. 68151)
[ view plain ]
| 000 -LEADER | |
|---|---|
| fixed length control field | 00889cam a2200193 4500 |
| 001 - CONTROL NUMBER | |
| control field | ABS64359 |
| 008 - FIXED-LENGTH DATA ELEMENTS--GENERAL INFORMATION | |
| fixed length control field | 010904n2001 000 0 eng u |
| 035 ## - SYSTEM CONTROL NUMBER | |
| System control number | (Sirsi) u114426 |
| 100 ## - MAIN ENTRY--PERSONAL NAME | |
| Personal name | Morris, A |
| 245 ## - TITLE STATEMENT | |
| Title | International relations |
| 260 ## - PUBLICATION, DISTRIBUTION, ETC. | |
| Date of publication, distribution, etc. | 2001 |
| 490 ## - SERIES STATEMENT | |
| Series statement | Estates Gazette |
| Volume/sequential designation | (0132) 11 August 2001, 82-83(2) |
| 520 ## - SUMMARY, ETC. | |
| Summary, etc. | A "Mainly for students" article that examines the specific difficulties that face parties involved in international arbitration, covering questions such as which country arbitration should take place in, which country's laws should be applied, international conventions and approaching arbitration institutions for help. |
| 590 ## - LOCAL NOTE (RLIN) | |
| Local note | ABS |
| 650 ## - SUBJECT ADDED ENTRY--TOPICAL TERM | |
| Topical term or geographic name entry element | MANAGEMENT-DISPUTE AVOIDANCE, MANAGEMENT AND RESOLUTION-DISPUTE MANAGEMENT AND RESOLUTION-ARBITRATION |
| 650 ## - SUBJECT ADDED ENTRY--TOPICAL TERM | |
| Topical term or geographic name entry element | INTERNATIONAL ARBITRATION |
| 690 ## - LOCAL SUBJECT ADDED ENTRY--TOPICAL TERM (OCLC, RLIN) | |
| Topical term or geographic name as entry element | Dispute resolution |
| 9 (RLIN) | 6236 |
| 942 ## - ADDED ENTRY ELEMENTS (KOHA) | |
| Suppress in OPAC | 0 |
| Withdrawn status | Lost status | Source of classification or shelving scheme | Damaged status | Not for loan | Home library | Current library | Shelving location | Date acquired | Total Checkouts | Full call number | Barcode | Date last seen | Copy number | Price effective from | Koha item type |
|---|---|---|---|---|---|---|---|---|---|---|---|---|---|---|---|
| Dewey Decimal Classification | London | London | Journal article | 04/09/2001 | ABS64359 | 114426-1001 | 06/08/2019 | 1 | 06/08/2019 | Journal article |